[Event "IV Festival Terre degli Elimi A"]
[Site "Erice ITA"]
[Date "2013.07.28"]
[Round "7"]
[White "Campo, Renato"]
[Black "Van Weersel, Arlette"]
[WhiteElo "1998"]
[BlackElo "2176"]
[Result "0-1"]
[PlyCount "54"]
[EventDate "2013.07.24"]

1. d4 Nf6 2. Nc3 d5 3. Bg5 g6 4. f3 Bg7 5. Qd2 h6 6. Bf4 c6 7. h4 h5 8. Nh3 Na6
9. Ng5 Bf5 10. O-O-O Qa5 11. e4 dxe4 12. Bc4 Rf8 13. fxe4 Bg4 14. e5 Ng8 15.
Rde1 O-O-O 16. Nxf7 Qb4 17. Qd3 Bf5 18. Qe2 Rxd4 19. Bxa6 Rxf4 20. a3 Qc5 21.
Ng5 bxa6 22. Qxa6+ Kb8 23. Nf3 Nh6 24. Rd1 Qb6 25. Qe2 Bc8 26. Rhe1 Ng4 27. Qd3
Nf2 0-1

[Event "IV Festival Terre degli Elimi A"]
[Site "Erice ITA"]
[Date "2013.07.28"]
[Round "7"]
[White "Cannella, Carlo"]
[Black "Gelardi, Davide"]
[WhiteElo "1972"]
[BlackElo "1854"]
[Result "0-1"]
[PlyCount "112"]
[EventDate "2013.07.24"]

1. e4 e6 2. d3 d5 3. Qe2 Nf6 4. Nf3 Be7 5. g3 c5 6. Bg2 Nc6 7. O-O O-O 8. c3 b5
9. e5 Nd7 10. d4 c4 11. Be3 a5 12. Nbd2 b4 13. Ne1 Nb6 14. f4 Na4 15. cxb4 c3
16. bxc3 Nxc3 17. Qh5 axb4 18. g4 Ne2+ 19. Kh1 Ncxd4 20. Nef3 Nc2 21. Ng5 Bxg5
22. fxg5 Nxe3 23. Rf3 g6 24. Qh4 Nxg2 25. Kxg2 d4 26. Ne4 Nf4+ 27. Kf2 f5 28.
Nf6+ Rxf6 29. gxf6 Qc7 30. Rxf4 Qxe5 31. Rf3 Ra3 32. Rxa3 bxa3 33. Re1 Qf4+ 34.
Kg2 Bb7+ 35. Kg1 Bd5 36. Qg3 Qxg3+ 37. hxg3 fxg4 38. Re2 Kf7 39. Rd2 e5 40. Rd3
Bxa2 41. Rxa3 Bb1 42. Ra6 Bf5 43. Kf2 h5 44. Ke2 Be6 45. Kd3 Kxf6 46. Ke4 g5
47. Ra5 Bf5+ 48. Kd5 Bd3 49. Ra3 Be2 50. Ra2 d3 51. Ke4 h4 52. Ra6+ Kg7 53.
gxh4 gxh4 54. Re6 h3 55. Ra6 d2 56. Ra7+ Kg6 0-1

[Event "IV Festival Terre degli Elimi A"]
[Site "Erice ITA"]
[Date "2013.07.28"]
[Round "7"]
[White "Clijsen, Mark"]
[Black "Ravagnani, Tiziano"]
[WhiteElo "2159"]
[BlackElo "1960"]
[Result "1/2-1/2"]
[PlyCount "80"]
[EventDate "2013.07.24"]

1. d4 Nf6 2. Nf3 g6 3. c4 Bg7 4. g3 c5 5. Bg2 cxd4 6. Nxd4 Nc6 7. O-O O-O 8.
Nc3 Qb6 9. Nc2 d6 10. b3 Ne5 11. Ne3 Be6 12. Ncd5 Nxd5 13. Nxd5 Bxd5 14. Bxd5
Ng4 15. Rb1 Rac8 16. Bf4 e6 17. Bg2 Be5 18. e4 h5 19. h3 Bxf4 20. gxf4 Nf6 21.
Qf3 Qa5 22. Rb2 h4 23. Rd1 Rfd8 24. Rbd2 d5 25. exd5 exd5 26. cxd5 Rc3 27. Rd3
Rxd3 28. Qxd3 Qxa2 29. Bf3 Qa5 30. f5 Kg7 31. fxg6 fxg6 32. Qd4 Qb6 33. Qd3 Qd6
34. Qc4 Nd7 35. Bg4 Ne5 36. Qe4 Rf8 37. Re1 Nxg4 38. hxg4 Qf4 39. Qxf4 Rxf4 40.
Re7+ Kf6 1/2-1/2

[Event "IV Festival Terre degli Elimi A"]
[Site "Erice ITA"]
[Date "2013.07.28"]
[Round "7"]
[White "Corsino, Gianluca"]
[Black "Di Misa, Salvatore"]
[WhiteElo "2094"]
[BlackElo "1962"]
[Result "1-0"]
[PlyCount "139"]
[EventDate "2013.07.24"]

1. d4 d5 2. Nc3 Nf6 3. Bg5 Nbd7 4. f3 h6 5. Bh4 c5 6. dxc5 e6 7. e4 dxe4 8. c6
bxc6 9. Nxe4 Qa5+ 10. Qd2 Qxd2+ 11. Nxd2 Be7 12. O-O-O O-O 13. Ne2 Nb6 14. Nb3
Nbd5 15. Bf2 Nd7 16. Ned4 c5 17. Nf5 Bg5+ 18. Kb1 N7b6 19. Nd6 Ne3 20. Bxe3
Bxe3 21. Nc4 Nxc4 22. Bxc4 Rb8 23. Rd3 Rb4 24. Rxe3 Rxc4 25. Re5 Rd8 26. Rhe1
Rf8 27. Rh1 Rd8 28. Rhe1 Rh4 29. h3 c4 30. Nc5 Rhd4 31. Kc1 R8d5 32. Rxd5 Rxd5
33. Ne4 Ra5 34. Nc3 Rc5 35. Ne4 Ra5 36. a3 Bb7 37. Kd2 Bd5 38. Kc3 Kf8 39. Nd2
Rb5 40. Rb1 Rc5 41. Rd1 Rb5 42. Nf1 Ke7 43. Kd2 Kd6 44. Kc3 Ke7 45. Kd2 Kd6 46.
Kc3 Rb8 47. Rd2 Rc8 48. Rd1 Rc7 49. Ne3 Rc5 50. Rd4 Ke7 51. Kd2 Rc7 52. Kc3 Rb7
53. Rd2 Rb5 54. Rd4 g6 55. Nxc4 Bxc4 56. Rxc4 Rg5 57. Rc7+ Kf6 58. Rxa7 Rxg2
59. a4 Rg3 60. b4 Rxf3+ 61. Kc4 Rxh3 62. b5 h5 63. b6 Rh1 64. Rd7 Rb1 65. a5 h4
66. Rd3 g5 67. Kc5 Ke5 68. a6 g4 69. a7 Ra1 70. b7 1-0

[Event "IV Festival Terre degli Elimi A"]
[Site "Erice ITA"]
[Date "2013.07.28"]
[Round "7"]
[White "Dagnino, Marcello"]
[Black "Savalla, Gianluca"]
[WhiteElo "1516"]
[BlackElo "1653"]
[Result "0-1"]
[PlyCount "92"]
[EventDate "2013.07.24"]

1. Nf3 Nf6 2. g3 g6 3. Bg2 Bg7 4. d3 d6 5. O-O O-O 6. Nbd2 Nc6 7. e4 e5 8. c3
Re8 9. Re1 d5 10. exd5 Nxd5 11. h3 Bf5 12. Ne4 Nf6 13. Bg5 Bxe4 14. dxe4 h6 15.
Bxf6 Qxf6 16. Qc2 Rad8 17. Rad1 Rxd1 18. Rxd1 Rd8 19. Rxd8+ Qxd8 20. Qd2 Qxd2
21. Nxd2 h5 22. f3 Bh6 23. Nb3 b6 24. Na1 Bc1 25. Nc2 Bxb2 26. c4 Kf8 27. Kf2
Ke7 28. Ke2 Kd6 29. Kd2 Kc5 30. Bf1 Na5 31. Ne1 Nxc4+ 32. Bxc4 Kxc4 33. Nd3 Bd4
34. g4 h4 35. g5 c5 36. f4 exf4 37. Nxf4 Be5 38. Ne2 Bd4 39. Nf4 b5 40. Ke2 b4
41. Ng2 a5 42. Nxh4 a4 43. Nf3 b3 44. Nd2+ Kc3 45. a3 Kc2 46. h4 b2 0-1

[Event "IV Festival Terre degli Elimi A"]
[Site "Erice ITA"]
[Date "2013.07.28"]
[Round "7"]
[White "Di Marco, Salvatore Marco"]
[Black "Gruppuso, Arcangelo"]
[WhiteElo "1615"]
[BlackElo "1586"]
[Result "1-0"]
[PlyCount "119"]
[EventDate "2013.07.24"]

1. e4 d6 2. Nc3 Nf6 3. d4 g6 4. h3 Bg7 5. Be3 O-O 6. Nf3 Nbd7 7. Be2 e5 8. d5
a6 9. a4 Nh5 10. Qd2 Re8 11. b4 Ndf6 12. b5 axb5 13. Bxb5 Bd7 14. O-O Nf4 15.
Bxf4 exf4 16. Rae1 Bxb5 17. axb5 Ra3 18. Nd4 f3 19. Nxf3 Nh5 20. Nd4 Qf6 21.
Nce2 Ra4 22. c3 Rxe4 23. Ng3 Rxe1 24. Rxe1 Nxg3 25. fxg3 Qd8 26. Qe3 Kf8 27.
Rf1 Qd7 28. Ne6+ Kg8 29. Ng5 f5 30. Qe6+ Qxe6 31. dxe6 Bf6 32. Nf7 Re4 33. b6
cxb6 34. Nxd6 Rxe6 35. Nb5 Rc6 36. Rc1 Rc5 37. c4 Re5 38. Rd1 Re4 39. Rd6 Be7
40. Rd7 Bc5+ 41. Kf1 Rxc4 42. Rxb7 Rc2 43. Nc7 Rf2+ 44. Ke1 Rxg2 45. Ne6 Bf8
46. Rb8 Kf7 47. Nxf8 Rxg3 48. Nd7 Ke7 49. Rb7 Kd8 50. Nf6 Rxh3 51. Nxh7 Kc8 52.
Rg7 b5 53. Ng5 Rg3 54. Rxg6 b4 55. Kf2 Rc3 56. Rb6 b3 57. Ne6 Rc2+ 58. Kf3 b2
59. Nd4 Kc7 60. Rb3 1-0

[Event "IV Festival Terre degli Elimi A"]
[Site "Erice ITA"]
[Date "2013.07.28"]
[Round "7"]
[White "Duijker, Rick"]
[Black "Valguarnera, Girolamo"]
[WhiteElo "2258"]
[BlackElo "2086"]
[Result "1-0"]
[PlyCount "73"]
[EventDate "2013.07.24"]

1. d4 d6 2. e4 Nf6 3. Nc3 Nbd7 4. g4 e5 5. g5 exd4 6. Qxd4 Ng4 7. f4 h6 8. Be2
Nb6 9. Qd1 Qd7 10. h3 hxg5 11. Bxg4 Qxg4 12. hxg4 Rxh1 13. Kf1 gxf4 14. Bxf4
Be6 15. Nd5 O-O-O 16. Nxb6+ axb6 17. Qf3 Rh4 18. Bg5 Rxg4 19. Bxd8 Kxd8 20. Rd1
g5 21. Ne2 Bg7 22. b3 Rh4 23. Ke1 Ke8 24. Rd3 Be5 25. Qg2 Rg4 26. Rg3 Bxg3+ 27.
Nxg3 Kd7 28. Qf3 Rf4 29. Qe3 d5 30. Nh5 Rh4 31. Nf6+ Kd6 32. exd5 Rh1+ 33. Kd2
Rh2+ 34. Kc1 Rh1+ 35. Kb2 Bf5 36. Qg3+ Ke7 37. Qe5+ 1-0

[Event "IV Festival Terre degli Elimi A"]
[Site "Erice ITA"]
[Date "2013.07.28"]
[Round "7"]
[White "Ganci, Fabrizio"]
[Black "Guccione, Cristoforo"]
[WhiteElo "2073"]
[BlackElo "1781"]
[Result "1-0"]
[PlyCount "43"]
[EventDate "2013.07.24"]

1. d4 d5 2. e3 Nc6 3. f4 g5 4. Bb5 Bf5 5. Nf3 g4 6. Ne5 Qd6 7. O-O Nf6 8. b3
Ne4 9. Nd2 g3 10. Qh5 gxh2+ 11. Kxh2 Qf6 12. c4 Rg8 13. Nxe4 dxe4 14. d5 a6 15.
dxc6 axb5 16. cxb7 Rb8 17. cxb5 Bg4 18. Nxg4 Qxa1 19. Qd5 Bg7 20. Qc6+ Kd8 21.
Rd1+ Bd4 22. Ne5 1-0

[Event "IV Festival Terre degli Elimi A"]
[Site "Erice ITA"]
[Date "2013.07.28"]
[Round "7"]
[White "Gueci, Laura"]
[Black "Gutierrez Bolado, Juan Antonio"]
[WhiteElo "1913"]
[BlackElo "1711"]
[Result "1-0"]
[PlyCount "71"]
[EventDate "2013.07.24"]

1. c4 e5 2. g3 Nc6 3. Bg2 Nf6 4. Nc3 Bc5 5. Nf3 O-O 6. d3 Rb8 7. O-O b6 8. a3
Bb7 9. b4 Bd4 10. Bb2 Re8 11. e3 Bxc3 12. Bxc3 d6 13. Qc2 h6 14. d4 exd4 15.
Nxd4 Nxd4 16. Bxd4 Bxg2 17. Kxg2 Nd7 18. Bb2 f6 19. Rad1 Qe7 20. Qc3 Kh8 21.
Rd4 Ne5 22. Rfd1 Rbd8 23. Qc2 Qf7 24. Rd5 Qh5 25. Bxe5 Rxe5 26. f4 Rxd5 27.
Rxd5 Qe8 28. e4 Qe7 29. Rd2 Re8 30. Re2 Qf7 31. Qd3 Qe6 32. Qd5 Kg8 33. Kf3 Kf7
34. Qxe6+ Rxe6 35. b5 Kg6 36. f5+ 1-0

[Event "IV Festival Terre degli Elimi A"]
[Site "Erice ITA"]
[Date "2013.07.28"]
[Round "7"]
[White "Haast, Anne"]
[Black "Cazacu, Gabriela"]
[WhiteElo "2277"]
[BlackElo "1845"]
[Result "1-0"]
[PlyCount "61"]
[EventDate "2013.07.24"]

1. e4 c5 2. Nf3 d6 3. d4 cxd4 4. Nxd4 Nf6 5. Nc3 g6 6. Be3 Bg7 7. f3 O-O 8. Qd2
Nc6 9. O-O-O Nxd4 10. Bxd4 Be6 11. Kb1 Qc7 12. g4 Rfc8 13. h4 Qa5 14. Nd5 Qxd2
15. Rxd2 Bxd5 16. exd5 Rc7 17. h5 Rac8 18. c3 a6 19. h6 Bh8 20. Bb6 Rd7 21. g5
Nh5 22. Bh3 f5 23. gxf6 Nxf6 24. Be6+ Kf8 25. f4 Rdc7 26. f5 Ne4 27. Rg2 Rxc3
28. fxg6 hxg6 29. bxc3 Nxc3+ 30. Kc2 Rc4 31. Kb3 1-0

[Event "IV Festival Terre degli Elimi A"]
[Site "Erice ITA"]
[Date "2013.07.28"]
[Round "7"]
[White "Iannello, Andrea"]
[Black "Savalla, Pietro"]
[WhiteElo "1837"]
[BlackElo "1909"]
[Result "1/2-1/2"]
[PlyCount "85"]
[EventDate "2013.07.24"]

1. e4 e5 2. Nf3 d6 3. d4 exd4 4. Qxd4 Nc6 5. Bb5 Bd7 6. Bxc6 Bxc6 7. Nc3 Nf6 8.
Bg5 Be7 9. O-O-O O-O 10. Rhe1 Nd7 11. Bxe7 Qxe7 12. Nd5 Bxd5 13. exd5 Qf6 14.
Qxf6 Nxf6 15. Re7 Rac8 16. c4 Rfe8 17. Rde1 Rxe7 18. Rxe7 Kf8 19. Re2 Nd7 20.
b3 Re8 21. Rxe8+ Kxe8 22. Kd2 a6 23. Ke3 Ke7 24. Kd4 Nf6 25. h3 h6 26. Nh4 g6
27. g3 Ne8 28. Ng2 Nf6 29. Nh4 Nd7 30. f4 Kf6 31. Nf3 Ke7 32. g4 Nf6 33. Nd2
Ne8 34. Ke4 Nf6+ 35. Kd4 Nh7 36. Ke4 Nf8 37. Nf3 Nd7 38. Nd2 h5 39. g5 Nb6 40.
Kd4 Nd7 41. Ke4 Nb6 42. Kd4 Nd7 43. Ke4 1/2-1/2

[Event "IV Festival Terre degli Elimi A"]
[Site "Erice ITA"]
[Date "2013.07.28"]
[Round "7"]
[White "Iannello, Antonio"]
[Black "D'Eredita', Elena"]
[WhiteElo "1852"]
[BlackElo "1673"]
[Result "1-0"]
[PlyCount "97"]
[EventDate "2013.07.24"]

1. e4 d5 2. exd5 Qxd5 3. Nc3 Qa5 4. d4 Nf6 5. Nf3 c6 6. Bc4 Bg4 7. Bd2 e6 8.
Qe2 Qc7 9. O-O-O Nbd7 10. h3 Bxf3 11. Qxf3 O-O-O 12. Bg5 Qa5 13. h4 h6 14. Bf4
Nb6 15. Bb3 Nbd5 16. Nxd5 Nxd5 17. Bh2 Rd7 18. Rhe1 Qd8 19. Bg3 Be7 20. Bxd5
exd5 21. Qg4 g5 22. h5 Re8 23. Qf5 f6 24. Re6 Bf8 25. Rxf6 Bg7 26. Re6 Rxe6 27.
Qxe6 Qf6 28. Qxf6 Bxf6 29. c3 Re7 30. Kd2 Kd7 31. Re1 Rxe1 32. Kxe1 Ke6 33. Bb8
a5 34. g4 b5 35. Bc7 a4 36. Ke2 c5 37. dxc5 d4 38. Kd3 dxc3 39. bxc3 Kd5 40.
Bd6 Bh8 41. f4 Bf6 42. f5 Bd8 43. Bf8 Bf6 44. Bxh6 Kxc5 45. Bf8+ Kc6 46. h6 Kd7
47. Bg7 Ke7 48. Bxf6+ Kxf6 49. Ke4 1-0

[Event "IV Festival Terre degli Elimi A"]
[Site "Erice ITA"]
[Date "2013.07.28"]
[Round "7"]
[White "Kampman, Tijmen"]
[Black "Konijn, Bart"]
[WhiteElo "2094"]
[BlackElo "2264"]
[Result "0-1"]
[PlyCount "62"]
[EventDate "2013.07.24"]

1. c4 e6 2. g3 d5 3. Bg2 Nf6 4. Nf3 Be7 5. b3 b6 6. Bb2 Bb7 7. cxd5 Bxd5 8. Nc3
Bb7 9. O-O c5 10. Re1 O-O 11. e4 Nc6 12. e5 Ne8 13. Ne4 Qd7 14. h4 Rd8 15. Nfg5
Nd4 16. Qg4 h6 17. Bxd4 Qxd4 18. Nh3 Qxe5 19. Neg5 Qb8 20. Nxe6 fxe6 21. Qxe6+
Rf7 22. Nf4 Bxg2 23. Kxg2 Qb7+ 24. Kg1 Qd7 25. Ng6 Bf6 26. Rac1 Qxe6 27. Rxe6
Nc7 28. Re2 Nb5 29. Rce1 Nd4 30. Re8+ Kh7 31. Rxd8 Bxd8 0-1

[Event "IV Festival Terre degli Elimi A"]
[Site "Erice ITA"]
[Date "2013.07.28"]
[Round "7"]
[White "Knol, Geon"]
[Black "Nabuurs, Mart"]
[WhiteElo "2146"]
[BlackElo "2243"]
[Result "1-0"]
[PlyCount "117"]
[EventDate "2013.07.24"]

1. e4 c5 2. Nc3 d6 3. g3 Nc6 4. Bg2 g6 5. d3 Bg7 6. Be3 e5 7. Qd2 Nge7 8. Bh6
O-O 9. h4 Bxh6 10. Qxh6 f6 11. Qd2 Nd4 12. Nge2 Qa5 13. Nxd4 cxd4 14. Ne2 Qxd2+
15. Kxd2 Be6 16. h5 g5 17. h6 g4 18. c3 dxc3+ 19. bxc3 Kf7 20. d4 Bc4 21. f3
Rac8 22. Nc1 gxf3 23. Bxf3 Rg8 24. Bh5+ Kf8 25. Ne2 Bxe2 26. Bxe2 Rxg3 27. Rag1
Rcxc3 28. dxe5 dxe5 29. Rxg3 Rxg3 30. Rb1 b6 31. Rc1 Ra3 32. Bc4 Rh3 33. Bb3
Rxh6 34. Rc7 f5 35. exf5 Rd6+ 36. Ke1 a5 37. Rb7 a4 38. Be6 h5 39. Rb8+ Kg7 40.
Re8 Kf6 41. Rf8+ Kg5 42. Rf7 Nd5 43. Rg7+ Kf4 44. Bxd5 Rxd5 45. f6 Rd6 46. f7
Rf6 47. Rg2 Ke3 48. Re2+ Kd3 49. Rf2 Rxf7 50. Rxf7 b5 51. Rb7 Kc4 52. Kd2 e4
53. Re7 Kd4 54. a3 h4 55. Rh7 e3+ 56. Kc2 e2 57. Rxh4+ Ke3 58. Rh1 Kf2 59. Kd2
1-0

[Event "IV Festival Terre degli Elimi A"]
[Site "Erice ITA"]
[Date "2013.07.28"]
[Round "7"]
[White "Lammens, Tim"]
[Black "Georgiev, Vladimir"]
[WhiteElo "2316"]
[BlackElo "2544"]
[Result "0-1"]
[PlyCount "84"]
[EventDate "2013.07.24"]

1. Nf3 d5 2. g3 Nf6 3. Bg2 e6 4. O-O Be7 5. b3 O-O 6. Bb2 a5 7. a4 b6 8. d3 Bb7
9. Nbd2 Ra7 10. Nd4 Nbd7 11. e4 dxe4 12. Nxe4 Nxe4 13. Bxe4 Bf6 14. Bxb7 Rxb7
15. Nc6 Qe8 16. d4 Nb8 17. Ne5 Qc8 18. Qf3 c6 19. Rfd1 Rd8 20. h4 Bxe5 21. dxe5
Rbd7 22. Re1 c5 23. h5 h6 24. Rac1 Nc6 25. Re4 Nb4 26. g4 Qc6 27. Ba3 Rd4 28.
Rxd4 Qxf3 29. Rxd8+ Kh7 30. Bxb4 axb4 31. Rb8 Qxg4+ 32. Kf1 Qh3+ 33. Kg1 Qxh5
34. Re1 Qg6+ 35. Kf1 Qxc2 36. Re3 c4 37. Rxb6 Qd1+ 38. Re1 Qxb3 39. a5 c3 40.
a6 Qc4+ 41. Kg1 c2 42. Rc1 Qg4+ 0-1

[Event "IV Festival Terre degli Elimi A"]
[Site "Erice ITA"]
[Date "2013.07.28"]
[Round "7"]
[White "Licata, Silvio"]
[Black "Aceto, Andrea"]
[WhiteElo "1545"]
[BlackElo "1569"]
[Result "0-1"]
[PlyCount "98"]
[EventDate "2013.07.24"]

1. d4 e6 2. c4 d5 3. cxd5 exd5 4. Nf3 Nc6 5. Bf4 Bb4+ 6. Nc3 Nf6 7. e3 O-O 8.
Bd3 Be6 9. O-O h6 10. h3 Bd6 11. Ne5 Bxe5 12. Bxe5 Nxe5 13. dxe5 Nd7 14. f4 Qh4
15. f5 Nxe5 16. fxe6 d4 17. Rf4 Qg3 18. Nd5 fxe6 19. Ne7+ Kh8 20. Rxf8+ Rxf8
21. Ng6+ Nxg6 22. Bxg6 Qxg6 23. Qxd4 b6 24. Rd1 Qg3 25. Qd2 a5 26. Rc1 Qe5 27.
Qd4 Qxd4 28. exd4 Rf7 29. Rf1 Kg8 30. Rf2 Kf8 31. Kf1 Rxf2+ 32. Kxf2 Ke7 33.
Ke3 g5 34. g4 Kd6 35. Ke4 a4 36. b4 axb3 37. axb3 c5 38. dxc5+ bxc5 39. Kd3 Kd5
40. Ke3 e5 41. Kd3 e4+ 42. Ke3 Ke5 43. Ke2 Kd4 44. Kd2 e3+ 45. Ke2 Kc3 46. Kxe3
Kxb3 47. Kd2 c4 48. Kc1 Kc3 49. Kd1 Kb2 0-1

[Event "IV Festival Terre degli Elimi A"]
[Site "Erice ITA"]
[Date "2013.07.28"]
[Round "7"]
[White "Ljubisavljevic, Zivojin Z."]
[Black "Bous, Florian"]
[WhiteElo "2215"]
[BlackElo "2072"]
[Result "1/2-1/2"]
[PlyCount "86"]
[EventDate "2013.07.24"]

1. d4 d5 2. c3 f6 3. Bf4 Nc6 4. e3 e5 5. Bg3 Nge7 6. Nf3 Bg4 7. Be2 Nf5 8. Qa4
e4 9. Ng1 Bxe2 10. Nxe2 h5 11. h3 Nxg3 12. Nxg3 h4 13. Ne2 Qd7 14. a3 b5 15.
Qc2 Na5 16. b3 Bd6 17. Nd2 Kf7 18. a4 a6 19. axb5 axb5 20. O-O g5 21. f3 exf3
22. Rxf3 g4 23. hxg4 Qxg4 24. Qf5 Qxf5 25. Rxf5 c6 26. e4 Ke6 27. Raf1 Raf8 28.
Nf4+ Bxf4 29. R1xf4 h3 30. g4 dxe4 31. Rxe4+ Kd7 32. Kh2 Re8 33. b4 Nc4 34.
Rxe8 Rxe8 35. Nxc4 bxc4 36. Rf3 Re2+ 37. Kxh3 Ke6 38. Kg3 Rd2 39. Kf4 Kd5 40.
Ke3 Rc2 41. Kf4 Rd2 42. Rh3 Rf2+ 43. Rf3 Rd2 1/2-1/2

[Event "IV Festival Terre degli Elimi A"]
[Site "Erice ITA"]
[Date "2013.07.28"]
[Round "7"]
[White "Martinez, Ayelen"]
[Black "Lo Pinto, Giovanni"]
[WhiteElo "2103"]
[BlackElo "1948"]
[Result "1-0"]
[PlyCount "89"]
[EventDate "2013.07.24"]

1. e4 e6 2. d4 d5 3. Nc3 Bb4 4. e5 Bf8 5. f4 c5 6. Nf3 cxd4 7. Nxd4 Nc6 8. Bb5
Bd7 9. Bxc6 bxc6 10. O-O c5 11. Nf3 Qb6 12. Kh1 Nh6 13. a4 Be7 14. Qe1 Rc8 15.
Ne2 Nf5 16. Qf2 h5 17. Ng3 Nxg3+ 18. Qxg3 g6 19. Nh4 Bxa4 20. f5 Bxc2 21. fxg6
fxg6 22. Nxg6 Rg8 23. Nxe7 Kxe7 24. Qh4+ Ke8 25. Qf6 Bf5 26. Bg5 Rc7 27. Qd8+
Kf7 28. Rxf5+ exf5 29. e6+ Qxe6 30. Qxc7+ Kg6 31. Bh4 Rg7 32. Qxc5 Qe4 33. Qf2
f4 34. h3 Qe3 35. Ra6+ Kh7 36. Rf6 Re7 37. Rxf4 Qxf2 38. Bxf2 Re2 39. Bd4 Kg6
40. h4 a5 41. Rf6+ Kh7 42. Rf5 Re4 43. Rxd5 Rxh4+ 44. Kg1 Rf4 45. Be5 1-0

[Event "IV Festival Terre degli Elimi A"]
[Site "Erice ITA"]
[Date "2013.07.28"]
[Round "7"]
[White "Merendino, Elda"]
[Black "Russo, Carmelo"]
[WhiteElo "1538"]
[BlackElo "1686"]
[Result "1/2-1/2"]
[PlyCount "90"]
[EventDate "2013.07.24"]

1. d4 d5 2. Nf3 Nf6 3. e3 c5 4. b3 cxd4 5. Qxd4 Nc6 6. Qd2 e6 7. Nc3 Bb4 8. Bb2
Qa5 9. Bd3 O-O 10. a3 Bxc3 11. Bxc3 Qc7 12. Bxf6 gxf6 13. e4 Ne5 14. Nxe5 Qxe5
15. O-O d4 16. f4 Qc5 17. Qf2 Re8 18. Qh4 Qe7 19. Rf3 f5 20. Qh6 Kh8 21. e5 Rg8
22. Rh3 Rg7 23. Rf1 Bd7 24. Rff3 Rf8 25. Rfg3 f6 26. Rg6 fxe5 27. fxe5 Rxg6 28.
Qxg6 Rg8 29. Qh6 Qg7 30. Qd2 Qxe5 31. Qf2 Bc6 32. Bf1 Rg4 33. Qd2 Qg7 34. c3 e5
35. cxd4 exd4 36. Rd3 Bb5 37. Rf3 Bxf1 38. Rxf1 Qg5 39. Qe2 Qe3+ 40. Qxe3 dxe3
41. Rxf5 Re4 42. Kf1 e2+ 43. Ke1 Kg7 44. Rc5 b6 45. Rc7+ Kg6 1/2-1/2

[Event "IV Festival Terre degli Elimi A"]
[Site "Erice ITA"]
[Date "2013.07.28"]
[Round "7"]
[White "Messina, Damiano"]
[Black "La Franca, Vincenzo"]
[WhiteElo "1908"]
[BlackElo "1656"]
[Result "1-0"]
[PlyCount "103"]
[EventDate "2013.07.24"]

1. c4 c5 2. Nc3 Nc6 3. g3 g6 4. Bg2 Bg7 5. Nf3 e6 6. O-O Nge7 7. e3 d6 8. a3
O-O 9. Qc2 Rb8 10. Rb1 b6 11. b4 cxb4 12. axb4 Bb7 13. d4 f5 14. Rd1 Qc8 15.
Qb3 Kh8 16. Bb2 Nd8 17. Nb5 d5 18. Nd6 Qc7 19. c5 Ba8 20. Bc3 Qd7 21. Qa3 Nf7
22. Nxf7+ Rxf7 23. Ng5 Rff8 24. Ra1 Nc8 25. Bf1 h6 26. Nf3 g5 27. b5 bxc5 28.
dxc5 Kh7 29. Qb2 Qe7 30. Bxg7 Qxg7 31. Qxg7+ Kxg7 32. Ne5 Rb7 33. Ra6 Re7 34.
Rda1 Kf6 35. f4 gxf4 36. gxf4 Rg8+ 37. Kf2 Reg7 38. b6 Rd8 39. bxa7 d4 40. c6
dxe3+ 41. Kxe3 Rd6 42. Nd7+ Ke7 43. Nb6 Nxb6 44. Rxb6 Rg8 45. Rb8 Rdd8 46. c7
Rdf8 47. Ba6 Kd7 48. Rxf8 Rxf8 49. c8=Q+ Rxc8 50. Bxc8+ Kxc8 51. Rb1 Bd5 52.
Rb8+ 1-0

[Event "IV Festival Terre degli Elimi A"]
[Site "Erice ITA"]
[Date "2013.07.28"]
[Round "7"]
[White "Milletari', Ruggero"]
[Black "Konijn, Rob"]
[WhiteElo "1824"]
[BlackElo "1974"]
[Result "1/2-1/2"]
[PlyCount "113"]
[EventDate "2013.07.24"]

1. d4 d5 2. c4 c6 3. Nc3 Nf6 4. Nf3 e6 5. e3 Nbd7 6. Bd3 dxc4 7. Bxc4 b5 8. Bd3
a6 9. O-O c5 10. Re1 Bb7 11. e4 cxd4 12. Nxd4 Ne5 13. Bc2 Bc5 14. Nb3 Bb6 15.
Be3 Bxe3 16. Rxe3 Nc4 17. Re2 Nxb2 18. Qxd8+ Rxd8 19. Nc5 Rc8 20. Nxb5 Rxc5 21.
Nd6+ Ke7 22. Nxb7 Rb5 23. Bb3 Rxb7 24. Rxb2 Nxe4 25. Rc1 Rd8 26. Rbc2 Rd2 27.
Rc7+ Rd7 28. Rxd7+ Rxd7 29. Rc6 Ra7 30. f3 Nd6 31. Bc2 h6 32. Bd3 a5 33. a4 f6
34. Kf2 Kd7 35. Rc5 Nf7 36. f4 Kd6 37. Rb5 e5 38. Bc4 Nd8 39. Rd5+ Ke7 40. fxe5
fxe5 41. Rxe5+ Kf6 42. Re8 Rc7 43. Bb3 Nb7 44. h4 Rc3 45. Rf8+ Ke5 46. Rf3
Rxf3+ 47. Kxf3 Nc5 48. Bc2 g5 49. Kg4 Kf6 50. Kh5 gxh4 51. Kxh6 Ne6 52. Kh5
Nf4+ 53. Kxh4 Nxg2+ 54. Kg3 Ne3 55. Bb3 Ke5 56. Kf3 Kd4 57. Ke2 1/2-1/2

[Event "IV Festival Terre degli Elimi A"]
[Site "Erice ITA"]
[Date "2013.07.28"]
[Round "7"]
[White "Mondello, Simone"]
[Black "Spinelli, Dario"]
[WhiteElo "1800"]
[BlackElo "1606"]
[Result "1-0"]
[PlyCount "61"]
[EventDate "2013.07.24"]

1. e4 e6 2. d4 d5 3. Nc3 Nf6 4. Bg5 Be7 5. e5 Nfd7 6. Bxe7 Qxe7 7. f4 a6 8. Nf3
c5 9. Qd2 Nc6 10. Ne2 b5 11. c3 Bb7 12. Ng3 Nb6 13. b3 c4 14. Be2 h6 15. f5 Bc8
16. Qf4 exf5 17. Nxf5 Bxf5 18. Qxf5 Qe6 19. Qh5 g6 20. Qh4 Kd7 21. Nd2 Kc7 22.
O-O Nd7 23. Bg4 Qe8 24. Bxd7 Qxd7 25. Rf6 Raf8 26. Raf1 Nd8 27. Rd6 Qe8 28.
Rxd5 Ne6 29. bxc4 bxc4 30. Rd6 g5 31. Qe4 1-0

[Event "IV Festival Terre degli Elimi A"]
[Site "Erice ITA"]
[Date "2013.07.28"]
[Round "7"]
[White "Morello, Guido"]
[Black "Bocci, Alessandro"]
[WhiteElo "2048"]
[BlackElo "1888"]
[Result "1-0"]
[PlyCount "53"]
[EventDate "2013.07.24"]

1. e4 e5 2. f4 Bc5 3. Nf3 d6 4. c3 Nc6 5. d4 exd4 6. cxd4 Bb4+ 7. Bd2 Bxd2+ 8.
Qxd2 Nf6 9. Nc3 Bg4 10. O-O-O d5 11. h3 dxe4 12. hxg4 exf3 13. gxf3 Nd5 14. Bc4
Nce7 15. Rde1 Kf8 16. Nxd5 Nxd5 17. Rh5 c6 18. Bxd5 cxd5 19. Qb4+ Kg8 20. Qxb7
g6 21. Rxd5 Qc8+ 22. Qxc8+ Rxc8+ 23. Kd2 h5 24. gxh5 gxh5 25. Rh1 h4 26. Rg5+
Kf8 27. Rg4 1-0

[Event "IV Festival Terre degli Elimi A"]
[Site "Erice ITA"]
[Date "2013.07.28"]
[Round "7"]
[White "Movileanu, Daniela"]
[Black "Marzaduri, Riccardo"]
[WhiteElo "2030"]
[BlackElo "1931"]
[Result "1/2-1/2"]
[PlyCount "63"]
[EventDate "2013.07.24"]

1. e4 e6 2. Nf3 Nc6 3. d4 d5 4. e5 Nge7 5. c3 a5 6. Bd3 Nf5 7. O-O Be7 8. a4 h5
9. Na3 g5 10. Nc2 g4 11. Nfe1 Bg5 12. Ne3 Rg8 13. Nxf5 exf5 14. f4 Bh6 15. Bb5
Kf8 16. b3 Ne7 17. Nc2 Kg7 18. Ne3 Be6 19. Bd3 Qd7 20. Qc2 Kg6 21. Ba3 Bf8 22.
g3 Nc6 23. Bxf8 Raxf8 24. Qg2 Ne7 25. h3 Kg7 26. Kf2 Rh8 27. Rh1 Qc6 28. Rac1
Qb6 29. Rb1 c5 30. c4 Qb4 31. Kg1 Qc3 32. Qc2 1/2-1/2

[Event "IV Festival Terre degli Elimi A"]
[Site "Erice ITA"]
[Date "2013.07.28"]
[Round "7"]
[White "Novak, Ksenija"]
[Black "Aghayev, Miragha"]
[WhiteElo "2099"]
[BlackElo "2299"]
[Result "1/2-1/2"]
[PlyCount "115"]
[EventDate "2013.07.24"]

1. Nf3 Nf6 2. c4 c5 3. Nc3 d5 4. cxd5 Nxd5 5. d4 Nxc3 6. bxc3 e6 7. Bf4 Nc6 8.
e3 cxd4 9. exd4 Qa5 10. Qd2 Bd7 11. Be2 Rc8 12. O-O a6 13. Rfe1 Be7 14. Bd3 O-O
15. Ng5 h6 16. Nf3 Na7 17. Rac1 Nb5 18. Ne5 Be8 19. Bxh6 f5 20. Nc4 Qd8 21.
Rxe6 Bf6 22. Bf4 Bf7 23. Rxf6 Qxf6 24. Ne5 Rfe8 25. Qb2 g5 26. Nxf7 gxf4 27.
Ne5 Nd6 28. f3 Kg7 29. c4 Re7 30. Qd2 Rxe5 31. dxe5 Qxe5 32. Qc3 Kf6 33. Kf2
Rc5 34. Qxe5+ Kxe5 35. Rb1 Kd4 36. Be2 Ra5 37. Rd1+ Ke5 38. Rd2 Rc5 39. Rb2 Rc7
40. g3 Nxc4 41. Bxc4 Rxc4 42. Rxb7 Rc2+ 43. Kg1 Rxa2 44. Re7+ Kd6 45. Re8 fxg3
46. hxg3 a5 47. g4 fxg4 48. fxg4 Ra4 49. Rg8 Kc5 50. g5 Rf4 51. Kg2 a4 52. Kg3
Rf1 53. Kg4 a3 54. Ra8 Kb4 55. g6 Kb3 56. Kh5 a2 57. g7 Rg1 58. Kh6 1/2-1/2